Countries with the most WhatsApp users - Statistics

General Stats
  • This quiz has been taken 83 times
  • The average score is 8 of 10
Answer Stats
Number of users Country % Correct
75,100,000 USA
100%
390,100,000 India
92%
108,400,000 Brazil
88%
30,100,000 UK
87%
48,300,000 Germany
86%
62,300,000 Mexico
83%
64,700,000 Russia
83%
68,800,000 Indonesia
72%
35,500,000 Italy
71%
33,000,000 Spain
71%
No matching quizzes found
Score Distribution
Percent of People with Each Score
Percentile by Number Answered
Your Score History
You have not taken this quiz